A Baranya megyei kulturális rendezvények kínálatának és fejlődésének bemutatása, konkrét példákon keresztül

Bibliográfiai részletek
Szerző: Rádi Fruzsina Ramóna
További közreműködők: Nagy Dr. Adrienne
Dokumentumtípus: Diplomadolgozat
Kulcsszavak:kulturális rendezvény
Baranya megye
Kulturális turizmus
Online Access:http://dolgozattar.uni-bge.hu/20168

MARC

LEADER 00000nta a2200000 i 4500
001 dolg20168
005 20190909121547.0
008 190426suuuu hu om 000 hun d
040 |a BGE Dolgozattár Repozitórium  |b hun 
041 |a hu 
100 1 |a Rádi Fruzsina Ramóna 
245 1 2 |a A Baranya megyei kulturális rendezvények kínálatának és fejlődésének bemutatása, konkrét példákon keresztül  |c Rádi Fruzsina Ramóna  |h [elektronikus dokumentum] 
695 |a kulturális rendezvény 
695 |a Baranya megye 
695 |a Kulturális turizmus 
700 1 |a Nagy Dr. Adrienne  |e ths 
856 4 0 |u http://dolgozattar.uni-bge.hu/20168/1/R%C3%A1di%20Fruzsina_Q9YTM0_TVtur.pdf  |z Dokumentum-elérés